CASES IN SALES AND DISTRIBUTION MANAGEMENT (Record no. 228023)

MARC details
000 -LEADER
fixed length control field 00373pam a2200145 a 4500
020 ## - INTERNATIONAL STANDARD BOOK NUMBER
Terms of availability
041 ## - LANGUAGE CODE
Language code of original
100 ## - MAIN ENTRY--PERSONAL NAME
Personal name M K RAMPAL
Relator term Author
245 ## - TITLE STATEMENT
Title CASES IN SALES AND DISTRIBUTION MANAGEMENT
Statement of responsibility, etc. M K RAMPAL
Medium Textual Documents
260 ## - PUBLICATION, DISTRIBUTION, ETC.
Place of publication, distribution, etc. Mumbai
Name of publisher, distributor, etc. Himalaya Publishing house
300 ## - PHYSICAL DESCRIPTION
Extent 167
653 ## - INDEX TERM--UNCONTROLLED
Uncontrolled term MARKETING
700 ## - ADDED ENTRY--PERSONAL NAME
Personal name M K RAMPAL
Relator term Co-Author
930 ## - EQUIVALENCE OR CROSS-REFERENCE-UNIFORM TITLE HEADING [LOCAL, CANADA]
Uniform title 622
Holdings
Withdrawn status Lost status Damaged status Not for loan Collection Home library Current library Date acquired Source of acquisition Cost, normal purchase price Total Checkouts Full call number Barcode Date last seen Copy number Price effective from Koha item type
          Institute of Hotel Management & Catering Technology, Pune Institute of Hotel Management & Catering Technology, Pune 23/02/2009 Bharati Madhyavarti Grahak Bhandar Ltd,Pune 90.00   HMP-D-2515 07/03/2023 1 07/03/2023 Book